000
00231nam a2200097Ia 4500
082
_a
EF HAGG
245
0
_a
John
100
_a
Williams, Niall London, 2009
_9
79106
942
_c
BK
008
210817s9999 xx 000 0 und d
999
_c
274788
_d
274787